01332nam a22003017a 4500003000400000005001700004007000400021008004100025010002000066024003800086035002000124040001300144245010700157250002100264260002100285300006200306440002200368508026000390538007500650538017100725650001900896700002000915700002400935700001800959700001900977700001800996700001601014dpl20090202123529.0DVD050907s2005 cau105 g 00| 0 eng d aDVD-001608-1609 aMGM 1045c599.00 for set of 2 DVD aDVD-001608-1609 aDPLcDPL aThe Man With The Golden Gun /h[videorecording] DVD /cHarry Salizman and Albert R. Broccoli Presents aUltimate Edition bExcel Home Video a2 videodisc DVD; (126 min.);bsd., col. ;c4-3/4 in.fDVD aJames Bond Series aDirector of photography, Oliver Wood ; art directors, Shepherd Frankel, Don Macaulay ; editor, William Hoy ; music, Miri Ben-Ari, John Ottman ; costume designer, Jose Fernandez, Wendy Partridge ; production designer, Bill Boes ; visual effects supervisors aDolby digital 5.1, English Subtitles in English,Thai, Mandarin, Korean aAspect Ratio 1:85.1,Presentation Type: Wide Screen, Presentation Size: 16x9, Format: DVD 9 Dual Layer Single Sided Disc. Layer Transition may trigger a slight pause.  aMotion Picture aSaltzman, Harry aBroccoli, Albert R. aMoorie, Roger aFleming's, Ian aEkland, Britt aBarry, John